<?xml version="1.0" encoding="UTF-8"?>
<collection xmlns:xsi="http://www.w3.org/2001/XMLSchema-instance" xsi:schemaLocation="http://www.loc.gov/MARC21/slim http://www.loc.gov/standards/marcxml/schema/MARC21slim.xsd" xmlns="http://www.loc.gov/MARC21/slim">
 <record>
  <leader>00000ctm a22000004a 4500</leader>
  <controlfield tag="001">UP-99796217613056755</controlfield>
  <controlfield tag="003">Buklod</controlfield>
  <controlfield tag="005">20190620092007.0</controlfield>
  <controlfield tag="006">a     r    |||| u|</controlfield>
  <controlfield tag="007">ta</controlfield>
  <controlfield tag="008">190620s2019    xx     d     r    |||| u|</controlfield>
  <datafield tag="035" ind1=" " ind2=" ">
   <subfield code="a">(iLib)UPD-00405465888</subfield>
  </datafield>
  <datafield tag="040" ind1=" " ind2=" ">
   <subfield code="a">DCHE</subfield>
   <subfield code="e">rda</subfield>
  </datafield>
  <datafield tag="041" ind1=" " ind2=" ">
   <subfield code="a">eng</subfield>
  </datafield>
  <datafield tag="042" ind1=" " ind2=" ">
   <subfield code="a">DMLUC</subfield>
  </datafield>
  <datafield tag="090" ind1=" " ind2=" ">
   <subfield code="a">LG 993.5 2019 C56</subfield>
   <subfield code="b">P34</subfield>
  </datafield>
  <datafield tag="100" ind1="1" ind2=" ">
   <subfield code="a">Paguntalan, Glaze</subfield>
   <subfield code="e">author.</subfield>
  </datafield>
  <datafield tag="245" ind1="1" ind2="0">
   <subfield code="a">Needs and concerns related to care for clothing of selected female dormitory residents of a state university</subfield>
   <subfield code="c">Glaze Paguntalan ; Maria Josephine T. Lumawig, adviser.</subfield>
  </datafield>
  <datafield tag="264" ind1=" " ind2="1">
   <subfield code="a">Quezon City</subfield>
   <subfield code="b">College of Home Economics, University of the Philippines Diliman</subfield>
   <subfield code="c">2019.</subfield>
  </datafield>
  <datafield tag="300" ind1=" " ind2=" ">
   <subfield code="a">xvii, 201 leaves</subfield>
   <subfield code="b">illustrations</subfield>
   <subfield code="c">28 cm.</subfield>
   <subfield code="e">1 CD-ROM (4 3/4 in.)</subfield>
  </datafield>
  <datafield tag="336" ind1=" " ind2=" ">
   <subfield code="a">text</subfield>
   <subfield code="2">rdacontent</subfield>
  </datafield>
  <datafield tag="337" ind1=" " ind2=" ">
   <subfield code="a">unmediated</subfield>
   <subfield code="2">rdamedia</subfield>
  </datafield>
  <datafield tag="338" ind1=" " ind2=" ">
   <subfield code="a">volume</subfield>
   <subfield code="2">rdacarrier</subfield>
  </datafield>
  <datafield tag="502" ind1=" " ind2=" ">
   <subfield code="a">Thesis (B.S. Clothing Technology)--University of the Philippines Diliman</subfield>
   <subfield code="d">May 2019.</subfield>
  </datafield>
  <datafield tag="506" ind1=" " ind2=" ">
   <subfield code="a">Not available to the general public.</subfield>
  </datafield>
  <datafield tag="520" ind1="2" ind2=" ">
   <subfield code="a">Dormitories cater to the need of students for temporary shelter during their stay in the university. With the increasing amount of clothing accessible to students, it is necessary that dorms address students' needs related to the care for their clothing. This descriptive study aimed to analyze female dormers' needs related to care for clothing. Specifically, it identified and described the clothes they keep in the dorm and their care and usage practices related to care for clothing, described existing facilities and rules related to care for clothing in selected dormitories, described the dormers' needs, concerns and alternative solutions related to their care for clothing, and gave recommendations for possible ways to address these concerns. Seventy respondents from five dormitories in a selected state university were asked to answer an online survey. Three students and one administrator from each dorm were also interviewed. Observation of existing dorm facilities related to care for clothing was also conducted. Data showed that most of the dormers' clothing items are used once and laundered once a week. Items are commonly washed in toilet sinks, sent to laundry-persons for service or to laundromats. Only three out of the five dorms have limited laundry and drying areas. Whenever needed, items were dried inside the dormers' rooms. Most of the dormers do not iron their clothes in the dorm since none of the five dorms have ironing facilities. In fact, ironing clothes is prohibited. Four of the five dorms have limited storage area for clothes  while one does not have any facility at all for storage. Dormers keep their clothes inside their travelling bags or bring their own storage boxes or racks. The study established that there is a need for better facilities related to the dormers' care for clothing. Recommendations include collaboration with engineers, interior designers and architects to design suitable laundering, ironing and storage facilities for dorms. Further studies on how laundry services cater to dormers' needs is also recommended.</subfield>
  </datafield>
  <datafield tag="650" ind1=" " ind2="0">
   <subfield code="a">Clothing and dress</subfield>
   <subfield code="x">Care</subfield>
   <subfield code="z">Philippines</subfield>
   <subfield code="z">Quezon City (Metro Manila).</subfield>
  </datafield>
  <datafield tag="650" ind1=" " ind2="0">
   <subfield code="a">Laundry</subfield>
   <subfield code="x">Equipment and supplies</subfield>
   <subfield code="z">Philippines</subfield>
   <subfield code="z">Quezon City (Metro Manila).</subfield>
  </datafield>
  <datafield tag="650" ind1=" " ind2="0">
   <subfield code="a">Dormitory life</subfield>
   <subfield code="z">Philippines</subfield>
   <subfield code="z">Quezon City (Metro Manila).</subfield>
  </datafield>
  <datafield tag="691" ind1="0" ind2="0">
   <subfield code="a">University of the Philippines</subfield>
   <subfield code="x">Student housing.</subfield>
  </datafield>
  <datafield tag="700" ind1="1" ind2=" ">
   <subfield code="a">Lumawig, Maria Josephine T.</subfield>
   <subfield code="e">adviser.</subfield>
  </datafield>
  <datafield tag="905" ind1=" " ind2=" ">
   <subfield code="a">FI</subfield>
  </datafield>
  <datafield tag="905" ind1=" " ind2=" ">
   <subfield code="a">UP</subfield>
  </datafield>
  <datafield tag="852" ind1="0" ind2=" ">
   <subfield code="a">UPD</subfield>
   <subfield code="b">DCHE</subfield>
   <subfield code="h">LG 993.5 2019 C56</subfield>
   <subfield code="i">P34</subfield>
  </datafield>
  <datafield tag="942" ind1=" " ind2=" ">
   <subfield code="a">Thesis</subfield>
  </datafield>
 </record>
</collection>
